00421nam a22001577a 450000500170000000800410001702000280005804000090008604100120009508200130010710000280012024500470014826000360019530000080023165000240023920260422161551.0260422b |||||||| |||| 00| 0 eng d a9780443330964c20997.06 aMAIN aEnglish a620bDAR aDarzi, Ghasem Nanapour  aBiochemical Engineering And Biotechnology  aUnited KingdombElsevier c2025 a944 aBiological Science